000 00481nam a2200181Ia 4500
005 20250508153344.0
008 008 250505s9999 xx 000 0 eng d
037 _aBooks to be hide in OPAC
040 _aFEDL
_beng
_cFEDL
041 _aeng
_2eng
084 _a378, LAN/O
_qFEDL
100 _aLanson Gustave
_978209
245 0 _aL' universite et la societe moderne
260 _c1902
300 _a122p.
942 _cHB
_h378, LAN/O
999 _c1342233
_d1342233